| 000 | 00403nam a2200109Ia 4500 | ||
|---|---|---|---|
| 008 | 171204s9999 xx 000 0 und d | ||
| 245 | _aE-Learning: Engineering, On-Job Training and Interactive Teaching | ||
| 245 | _cAnderson Silva, Elvis Pontes, and Et al. | ||
| 260 | _c2016 | ||
| 650 | _xField Study 3: Technology in the Learning Environment | ||
| 856 | _uhttp://down.ebook777.com/041/9789535102830.pdf | ||
| 999 |
_c345801 _d345801 |
||